[Event "Americas-ch U10 Online"]
[Site "Tornelo INT"]
[Date "2020.12.02"]
[Round "6.4"]
[White "Mendes, Aaron Reeve"]
[Black "Wu, Jonathan"]
[Result "1-0"]
[WhiteElo "1520"]
[BlackElo "1432"]
[PlyCount "57"]
[GameId "2130307591203757"]
[EventDate "2020.12.02"]
[EventType "swiss"]
[EventRounds "7"]
[EventCountry "NET"]

1. d4 Nf6 2. Bf4 g6 3. Nc3 Bg7 4. e4 d6 5. Be2 b6 6. e5 dxe5 7. dxe5 Nfd7 8. Nf3 Bb7 9. e6 fxe6 10. Ng5 Qc8 11. Nxe6 Be5 12. Bxe5 Nxe5 13. Nb5 Na6 14. Nbd4 Nc5 15. Nxc5 bxc5 16. Nf3 Nxf3+ 17. Bxf3 Rf8 18. Bg4 Qd8 19. Qe2 Bc6 20. Rd1 Qb8 21. c3 Qb5 22. Rd3 Rf4 23. Bf3 Rf6 24. Bxc6+ Qxc6 25. O-O Re6 26. Qd2 Rd6 27. Re1 Rad8 28. Qe2 Qd7 29. Re3 1-0

[Event "Americas-ch U10 Online"]
[Site "Tornelo INT"]
[Date "2020.12.02"]
[Round "7.1"]
[White "Chen, Ryo"]
[Black "Mendes, Aaron Reeve"]
[Result "0-1"]
[WhiteElo "2165"]
[BlackElo "1520"]
[PlyCount "146"]
[GameId "2130307591203772"]
[EventDate "2020.12.02"]
[EventType "swiss"]
[EventRounds "7"]
[EventCountry "NET"]

1. e4 e5 2. Nf3 Nf6 3. Nxe5 d6 4. Nf3 Nxe4 5. d3 Nf6 6. d4 d5 7. Bd3 Bd6 8. O-O O-O 9. Re1 h6 10. Nbd2 c5 11. dxc5 Bxc5 12. Nb3 Bd6 13. c3 Nc6 14. Bc2 Bg4 15. Qd3 Bxf3 16. Qxf3 Ne5 17. Qd1 Re8 18. Nd4 Bc7 19. Bf4 Nc4 20. Rxe8+ Nxe8 21. Qd3 Nf6 22. Bxc7 Qxc7 23. b3 Ne5 24. Qg3 Rc8 25. Re1 Nc6 26. Nf5 Qxg3 27. hxg3 Rd8 28. Rd1 Kf8 29. Kf1 Ne7 30. Ke2 Nxf5 31. Bxf5 g6 32. Bd3 Ke7 33. f3 d4 34. c4 Nd7 35. Kd2 a5 36. Re1+ Kf8 37. Be4 Nc5 38. Bd5 b5 39. Kc2 b4 40. Bc6 Rd6 41. Bb5 Re6 42. Rxe6 fxe6 43. Kd2 Kg7 44. Ke2 Kf6 45. Be8 e5 46. Bc6 h5 47. Be8 Kf5 48. Bc6 g5 49. Be8 h4 50. gxh4 gxh4 51. Bh5 Kf4 52. Bg4 Kg3 53. Bh3 Kh2 54. Kd2 Kg3 55. Ke2 Kf4 56. Kd2 e4 57. fxe4 Nxe4+ 58. Kd3 Ke5 59. Bc8 Nc3 60. c5 Kd5 61. c6 Kxc6 62. Kxd4 Nxa2 63. Kc4 Nc1 64. Bg4 Kd6 65. Kb5 Nxb3 66. Ka4 Nd2 67. Bd1 b3 68. Bxb3 Nxb3 69. Kxb3 Ke5 70. Ka4 Kf4 71. Kxa5 Kg3 72. Kb4 Kxg2 73. Kc3 h3 0-1

[Event "Titled Tuesday 2024.10.01 Late"]
[Site "chess.com INT"]
[Date "2024.10.01"]
[Round "1"]
[White "Andreassen, L."]
[Black "Mendes, Aaron Reeve"]
[Result "0-1"]
[WhiteElo "2168"]
[BlackElo "2320"]
[PlyCount "66"]
[GameId "2129405224549343"]
[EventDate "2024.10.01"]
[EventType "swiss (blitz)"]
[EventRounds "11"]
[EventCountry "NET"]
[SourceTitle "The Week in Chess 1561"]
[Source "Mark Crowther"]
[SourceDate "2024.10.07"]
[SourceVersion "1"]
[SourceVersionDate "2024.10.07"]
[SourceQuality "2"]

1. d4 d5 2. Nf3 Nf6 3. c4 c6 4. Nc3 dxc4 5. e4 b5 6. e5 Nd5 7. a4 Nxc3 8. bxc3 a6 9. axb5 cxb5 10. Ng5 e6 11. Qf3 Ra7 12. Be2 h6 13. Qh5 b4 14. Bxc4 bxc3 15. O-O g6 16. Qh3 Be7 17. Ne4 Rc7 18. Bb3 Bb7 19. Ba4+ Kf8 20. Bxh6+ Kg8 21. Nf6+ Bxf6 22. exf6 Qd5 23. Rab1 Rxh6 24. Qg3 Rh5 25. f3 Rc8 26. Rxb7 Qxb7 27. Bc2 Rh6 28. Qg5 Kh7 29. h4 Qd5 30. Qg4 Nc6 31. Be4 Qxd4+ 32. Kh2 Qxf6 33. Rd1 Rxh4+ 0-1

[Event "Titled Tuesday 2024.10.01 Late"]
[Site "chess.com INT"]
[Date "2024.10.01"]
[Round "2"]
[White "Terry, R."]
[Black "Mendes, Aaron Reeve"]
[Result "0-1"]
[WhiteElo "2508"]
[BlackElo "2320"]
[PlyCount "130"]
[GameId "2129405224574259"]
[EventDate "2024.10.01"]
[EventType "swiss (blitz)"]
[EventRounds "11"]
[EventCountry "NET"]
[SourceTitle "The Week in Chess 1561"]
[Source "Mark Crowther"]
[SourceDate "2024.10.07"]
[SourceVersion "1"]
[SourceVersionDate "2024.10.07"]
[SourceQuality "2"]

1. e4 c5 2. Nf3 d6 3. Bb5+ Bd7 4. Bxd7+ Qxd7 5. O-O Nf6 6. Re1 Nc6 7. c3 e6 8. d4 cxd4 9. cxd4 d5 10. e5 Ne4 11. a3 Be7 12. Qd3 O-O 13. Nbd2 Nxd2 14. Bxd2 Rac8 15. h4 Bd8 16. h5 h6 17. Rac1 Ne7 18. g4 a6 19. Rxc8 Qxc8 20. Rc1 Qd7 21. Kg2 b5 22. Kh1 Bb6 23. Rg1 Kh8 24. g5 Nf5 25. Rg4 Bd8 26. Rg1 Be7 27. gxh6 gxh6 28. Nh2 Rg8 29. Rxg8+ Kxg8 30. Ng4 Kg7 31. Bf4 Qc6 32. Qd2 Qc4 33. Ne3 Nxe3 34. Qxe3 Qf1+ 35. Kh2 Qd1 36. Bxh6+ Kh7 37. f3 Qc2+ 38. Kg3 Qxb2 39. Bg5 Bxg5 40. Qxg5 Qxa3 41. Qd8 Qb4 42. Qe8 Kg7 43. h6+ Kxh6 44. Qh8+ Kg6 45. Qf6+ Kh7 46. Qxf7+ Kh8 47. Qe8+ Kg7 48. Qd7+ Kf8 49. Qxe6 Qxd4 50. Qd6+ Ke8 51. Qe6+ Kd8 52. Qd6+ Kc8 53. Qc6+ Kb8 54. e6 Qg7+ 55. Kf4 Qc7+ 56. Qxc7+ Kxc7 57. Kf5 Kd8 58. Ke5 a5 59. f4 a4 60. f5 a3 61. f6 a2 62. Kd6 a1=Q 63. f7 Qa3+ 64. Kxd5 Qf8 65. Ke5 Ke7 0-1

[Event "Titled Tuesday 2024.10.01 Late"]
[Site "chess.com INT"]
[Date "2024.10.01"]
[Round "3"]
[White "Mendes, Aaron Reeve"]
[Black "Riehle, Marco"]
[Result "0-1"]
[WhiteElo "2320"]
[BlackElo "2380"]
[PlyCount "42"]
[GameId "2129405224574320"]
[EventDate "2024.10.01"]
[EventType "swiss (blitz)"]
[EventRounds "11"]
[EventCountry "NET"]
[SourceTitle "The Week in Chess 1561"]
[Source "Mark Crowther"]
[SourceDate "2024.10.07"]
[SourceVersion "1"]
[SourceVersionDate "2024.10.07"]
[SourceQuality "2"]

1. e4 e5 2. Nf3 Nf6 3. Nxe5 Nxe4 4. Qe2 Qe7 5. Qxe4 d6 6. d4 dxe5 7. dxe5 Nc6 8. f4 Bg4 9. h3 Qh4+ 10. Kd2 O-O-O+ 11. Kc3 Qg3+ 12. Be3 Rd4 13. Qxd4 Nxd4 14. Kxd4 Bc5+ 15. Kxc5 Qxe3+ 16. Kb4 a5+ 17. Kxa5 b6+ 18. Kb4 c5+ 19. Kb5 Bd7+ 20. Kxb6 c4+ 21. Ka6 Kc7 0-1

[Event "Titled Tuesday 2024.10.01 Late"]
[Site "chess.com INT"]
[Date "2024.10.01"]
[Round "4"]
[White "Mendes, Aaron Reeve"]
[Black "Aravindh, Chithambaram VR."]
[Result "1-0"]
[WhiteElo "2320"]
[BlackElo "2698"]
[PlyCount "99"]
[GameId "2129405224582851"]
[EventDate "2024.10.01"]
[EventType "swiss (blitz)"]
[EventRounds "11"]
[EventCountry "NET"]
[SourceTitle "The Week in Chess 1561"]
[Source "Mark Crowther"]
[SourceDate "2024.10.07"]
[SourceVersion "1"]
[SourceVersionDate "2024.10.07"]
[SourceQuality "2"]

1. e4 c6 2. Nf3 d5 3. Nc3 Nf6 4. e5 Ne4 5. Ne2 Qb6 6. d4 Bg4 7. c3 e6 8. h3 Bh5 9. g4 Bg6 10. Bg2 f6 11. Nh4 Bf7 12. f3 Ng5 13. f4 Ne4 14. O-O Nd7 15. Kh1 Be7 16. exf6 gxf6 17. f5 e5 18. Qc2 O-O-O 19. a4 h5 20. g5 fxg5 21. Ng6 Bxg6 22. fxg6 Ndf6 23. dxe5 Ng4 24. Bxe4 Nf2+ 25. Kg2 Nxe4 26. Ng3 Nxg3 27. Kxg3 Rhg8 28. Kg2 c5 29. Qf5+ Kb8 30. Qf7 Qc7 31. Qe6 d4 32. Rf7 Rde8 33. Bd2 g4 34. hxg4 hxg4 35. Rh1 Qd8 36. Rhh7 dxc3 37. Bxc3 Qd1 38. Rxe7 Qf3+ 39. Kg1 Qg3+ 40. Kf1 Rgf8+ 41. Rhf7 Qd3+ 42. Ke1 Qe3+ 43. Kd1 Rd8+ 44. Rd7 Rxd7+ 45. Qxd7 Qg1+ 46. Kc2 Qg2+ 47. Kb3 Rc8 48. e6 c4+ 49. Ka2 Qc2 50. Qxb7# 1-0

[Event "Titled Tuesday 2024.10.01 Late"]
[Site "chess.com INT"]
[Date "2024.10.01"]
[Round "5"]
[White "Vasquez Schroeder, R."]
[Black "Mendes, Aaron Reeve"]
[Result "0-1"]
[WhiteElo "2457"]
[BlackElo "2320"]
[PlyCount "56"]
[GameId "2129405224582910"]
[EventDate "2024.10.01"]
[EventType "swiss (blitz)"]
[EventRounds "11"]
[EventCountry "NET"]
[SourceTitle "The Week in Chess 1561"]
[Source "Mark Crowther"]
[SourceDate "2024.10.07"]
[SourceVersion "1"]
[SourceVersionDate "2024.10.07"]
[SourceQuality "2"]

1. e4 c5 2. Nf3 d6 3. d4 cxd4 4. Nxd4 Nf6 5. Nc3 a6 6. Bg5 e6 7. f4 Be7 8. Qf3 Qc7 9. O-O-O Nbd7 10. g4 b5 11. Bxf6 Bxf6 12. Bxb5 O-O 13. Bxd7 Bxd7 14. g5 Be7 15. h4 Rab8 16. f5 Qb6 17. b3 Rfc8 18. Kb2 a5 19. a4 Qb4 20. Ndb5 Bxb5 21. Nxb5 Rxb5 22. axb5 a4 23. Qd3 d5 24. exd5 Qa3+ 25. Kb1 Ra8 26. b4 Qxb4+ 27. Ka2 Rc8 28. Rb1 Rxc2+ 0-1

[Event "Titled Tuesday 2024.10.01 Late"]
[Site "chess.com INT"]
[Date "2024.10.01"]
[Round "6"]
[White "Paravyan, D."]
[Black "Mendes, Aaron Reeve"]
[Result "1-0"]
[WhiteElo "2620"]
[BlackElo "2320"]
[PlyCount "67"]
[GameId "2129405224681479"]
[EventDate "2024.10.01"]
[EventType "swiss (blitz)"]
[EventRounds "11"]
[EventCountry "NET"]
[SourceTitle "The Week in Chess 1561"]
[Source "Mark Crowther"]
[SourceDate "2024.10.07"]
[SourceVersion "1"]
[SourceVersionDate "2024.10.07"]
[SourceQuality "2"]

1. e4 c5 2. Nf3 d6 3. d4 cxd4 4. Nxd4 Nf6 5. Nc3 a6 6. Be3 e5 7. Nb3 Be6 8. Qd2 Be7 9. f3 h5 10. O-O-O Nbd7 11. Kb1 Rc8 12. a4 O-O 13. Rg1 Qc7 14. g4 hxg4 15. fxg4 Nxg4 16. Bg5 Bxg5 17. Qxg5 Ndf6 18. Bd3 Nh7 19. Qh4 Ngf6 20. Nd5 Bxd5 21. exd5 g6 22. Rdf1 e4 23. Bxe4 Nxe4 24. Qxe4 Qc4 25. Nd4 Rce8 26. Qf4 Qxd5 27. Nf5 Kh8 28. Nxd6 Re7 29. Rd1 Qe5 30. Qb4 Qf6 31. Rgf1 Qe6 32. Rfe1 Qf6 33. Ne4 Qe5 34. Ng3 1-0

[Event "Titled Tuesday 2024.10.01 Late"]
[Site "chess.com INT"]
[Date "2024.10.01"]
[Round "7"]
[White "Mendes, Aaron Reeve"]
[Black "Mekhitarian, K."]
[Result "1-0"]
[WhiteElo "2320"]
[BlackElo "2560"]
[PlyCount "75"]
[GameId "2129405224689810"]
[EventDate "2024.10.01"]
[EventType "swiss (blitz)"]
[EventRounds "11"]
[EventCountry "NET"]
[SourceTitle "The Week in Chess 1561"]
[Source "Mark Crowther"]
[SourceDate "2024.10.07"]
[SourceVersion "1"]
[SourceVersionDate "2024.10.07"]
[SourceQuality "2"]

1. e4 c5 2. Nf3 Nc6 3. Bb5 Nf6 4. Bxc6 dxc6 5. d3 Qc7 6. h3 e5 7. O-O h6 8. Nbd2 Be6 9. a3 g5 10. Nh2 O-O-O 11. b3 Rg8 12. Bb2 h5 13. Qf3 Be7 14. Nc4 g4 15. Qe3 gxh3 16. g3 Bxc4 17. bxc4 Ng4 18. Qf3 Qd7 19. Kh1 Qe6 20. Rae1 Rg6 21. Qf5 Bd6 22. Qxe6+ Rxe6 23. f3 Nh6 24. Rf2 Rg8 25. Rg1 Reg6 26. Nf1 f5 27. Rh2 fxe4 28. dxe4 Rf8 29. Nd2 Be7 30. Rxh3 Bg5 31. Rg2 Bxd2 32. Rxd2 Rxf3 33. Bxe5 Ng4 34. Bf4 Rf1+ 35. Kg2 Re1 36. Rxh5 Rg8 37. Rh7 Ne3+ 38. Kf2 1-0

[Event "Titled Tuesday 2024.10.01 Late"]
[Site "chess.com INT"]
[Date "2024.10.01"]
[Round "8"]
[White "Mendes, Aaron Reeve"]
[Black "Rojas Alarcon, J."]
[Result "0-1"]
[WhiteElo "2320"]
[BlackElo "2357"]
[PlyCount "98"]
[GameId "2129405224698157"]
[EventDate "2024.10.01"]
[EventType "swiss (blitz)"]
[EventRounds "11"]
[EventCountry "NET"]
[SourceTitle "The Week in Chess 1561"]
[Source "Mark Crowther"]
[SourceDate "2024.10.07"]
[SourceVersion "1"]
[SourceVersionDate "2024.10.07"]
[SourceQuality "2"]

1. e4 e5 2. Nf3 Nc6 3. d4 exd4 4. Nxd4 Bc5 5. Nb3 Bb4+ 6. c3 Be7 7. c4 Nf6 8. Bd3 d6 9. O-O O-O 10. Nc3 Re8 11. Be2 Bf8 12. f3 h6 13. Be3 Be6 14. Nd4 Nd7 15. Bf2 g6 16. Qd2 Bg7 17. Rac1 h5 18. Nd5 a5 19. Rfd1 a4 20. Be3 Kh7 21. Kh1 Nxd4 22. Bxd4 Bxd4 23. Qxd4 Bxd5 24. cxd5 Nc5 25. Rc2 b6 26. Bb5 Re5 27. Bc6 Ra7 28. Re2 Qe7 29. Rde1 f5 30. Re3 fxe4 31. fxe4 Qg7 32. Rf3 Re7 33. Qxg7+ Kxg7 34. Rfe3 Re5 35. g3 b5 36. Kg2 b4 37. g4 hxg4 38. Kg3 Ra6 39. Kxg4 Rb6 40. h4 Rb8 41. Kg3 Rf8 42. R1e2 Rf1 43. a3 bxa3 44. bxa3 Rb1 45. Kg2 Rb3 46. Kf3 Rxe4 47. Rxb3 axb3 48. Rb2 Rxh4 49. a4 Nxa4 0-1

[Event "Titled Tuesday 2024.10.01 Late"]
[Site "chess.com INT"]
[Date "2024.10.01"]
[Round "9"]
[White "Khlebovich, A."]
[Black "Mendes, Aaron Reeve"]
[Result "0-1"]
[WhiteElo "2423"]
[BlackElo "2320"]
[PlyCount "124"]
[GameId "2129405224698337"]
[EventDate "2024.10.01"]
[EventType "swiss (blitz)"]
[EventRounds "11"]
[EventCountry "NET"]
[SourceTitle "The Week in Chess 1561"]
[Source "Mark Crowther"]
[SourceDate "2024.10.07"]
[SourceVersion "1"]
[SourceVersionDate "2024.10.07"]
[SourceQuality "2"]

1. d4 d5 2. c4 c6 3. Nf3 Nf6 4. e3 e6 5. Nbd2 Nbd7 6. Bd3 dxc4 7. Nxc4 b5 8. Nce5 Bb7 9. O-O a6 10. a4 b4 11. Nxf7 Kxf7 12. Ng5+ Ke7 13. Qb3 Ke8 14. Nxe6 Qa5 15. e4 c5 16. e5 Nd5 17. Be4 cxd4 18. Bxd5 Bxd5 19. Qxd5 Qxd5 20. Nc7+ Kf7 21. Nxd5 Nxe5 22. Bf4 Bd6 23. Bxe5 Bxe5 24. Nxb4 Rhc8 25. Rac1 Bf4 26. Rcd1 Be5 27. f4 Bd6 28. Nd3 Rab8 29. Ne5+ Ke6 30. Nf3 Bc5 31. Nxd4+ Kd5 32. Kh1 Bxd4 33. Rfe1 Rb4 34. Re5+ Kc4 35. Rc1+ Kb3 36. Rxc8 Bxe5 37. fxe5 Re4 38. Rb8+ Kxa4 39. Kg1 Rxe5 40. Rb7 Rg5 41. Kf2 h5 42. g3 Rb5 43. Rxg7 Rxb2+ 44. Kg1 a5 45. Rh7 Rb5 46. Kg2 Kb3 47. h3 a4 48. Ra7 Rb4 49. Kf3 Kb2 50. Ra5 Rb3+ 51. Kf4 a3 52. h4 a2 53. Rxa2+ Kxa2 54. Kg5 Rxg3+ 55. Kxh5 Kb3 56. Kh6 Kc4 57. h5 Kd5 58. Kh7 Ke6 59. h6 Kf7 60. Kh8 Kg6 61. h7 Rh3 62. Kg8 Rxh7 0-1

[Event "Titled Tuesday 2024.10.01 Late"]
[Site "chess.com INT"]
[Date "2024.10.01"]
[Round "10"]
[White "Mendes, Aaron Reeve"]
[Black "Gabrielian, A."]
[Result "0-1"]
[WhiteElo "2320"]
[BlackElo "2428"]
[PlyCount "126"]
[GameId "2129405224706663"]
[EventDate "2024.10.01"]
[EventType "swiss (blitz)"]
[EventRounds "11"]
[EventCountry "NET"]
[SourceTitle "The Week in Chess 1561"]
[Source "Mark Crowther"]
[SourceDate "2024.10.07"]
[SourceVersion "1"]
[SourceVersionDate "2024.10.07"]
[SourceQuality "2"]

1. e4 c5 2. Nf3 d6 3. d4 cxd4 4. Nxd4 Nf6 5. Nc3 Nc6 6. Nb3 g6 7. f3 Bg7 8. Be3 O-O 9. Qd2 Be6 10. O-O-O a5 11. g4 a4 12. Nd4 a3 13. Nxe6 axb2+ 14. Kb1 fxe6 15. Bc4 Kh8 16. h4 Ne5 17. Bb3 Nxf3 18. Qg2 Qa5 19. h5 gxh5 20. g5 Qxc3 21. Qxf3 Ng4 22. Qh3 Qxe3 23. Qxh5 Qxe4 24. Rde1 Qxe1+ 25. Rxe1 Nf2 26. Bxe6 Ra5 27. Qh4 Re5 28. Rxe5 dxe5 29. g6 h6 30. Bf7 Nd1 31. Qxe7 e4 32. Qd7 Nc3+ 33. Kxb2 e3 34. Kc1 Ne2+ 35. Kd1 Nc3+ 36. Ke1 Bf6 37. Qe6 Kg7 38. Qd7 Rd8 39. Qg4 e2 40. Kf2 Rd1 41. Qe6 e1=Q+ 42. Qxe1 Rxe1 43. Kxe1 h5 44. Kf2 h4 45. Kg2 Ne2 46. c4 Nf4+ 47. Kh1 Nxg6 48. Bd5 b6 49. a4 Bc3 50. Kh2 Nf4 51. Be4 Kf6 52. Bc6 Ke5 53. Bb5 Kd4 54. Kh1 Kc5 55. Kh2 Be5 56. Kh1 Ne2 57. Kg2 Nd4 58. Ba6 Bg3 59. Kh3 Nc2 60. Bb5 Ne3 61. Be8 Nxc4 62. Bd7 Kb4 63. Be8 Nb2 0-1

[Event "Titled Tuesday 2024.10.01 Late"]
[Site "chess.com INT"]
[Date "2024.10.01"]
[Round "11"]
[White "Mendes, Aaron Reeve"]
[Black "Haug, Havard"]
[Result "0-1"]
[WhiteElo "2320"]
[BlackElo "2319"]
[PlyCount "84"]
[GameId "2129405224706704"]
[EventDate "2024.10.01"]
[EventType "swiss (blitz)"]
[EventRounds "11"]
[EventCountry "NET"]
[SourceTitle "The Week in Chess 1561"]
[Source "Mark Crowther"]
[SourceDate "2024.10.07"]
[SourceVersion "1"]
[SourceVersionDate "2024.10.07"]
[SourceQuality "2"]

1. e4 g6 2. d4 Bg7 3. c3 c6 4. f4 d5 5. e5 h5 6. Bd3 Nh6 7. Ne2 Bf5 8. Ng3 Bxd3 9. Qxd3 e6 10. Be3 Nd7 11. Nd2 Qc7 12. O-O-O a5 13. Ne2 a4 14. h3 h4 15. Bf2 Nf5 16. Kb1 b5 17. Nf1 Nb6 18. g4 hxg3 19. Nexg3 Nc4 20. Nxf5 gxf5 21. Ne3 Bh6 22. Nxc4 bxc4 23. Qf3 Rb8 24. a3 Bf8 25. Ka2 Qb6 26. Rd2 Be7 27. Qd1 Qb3+ 28. Qxb3 axb3+ 29. Kb1 Kd7 30. Kc1 Bh4 31. Bxh4 Rxh4 32. Rf2 Rg8 33. Rf3 Rg2 34. Kb1 Ke7 35. Kc1 Rh8 36. h4 Rhg8 37. h5 Rc2+ 38. Kb1 Rgg2 39. h6 Rxb2+ 40. Ka1 Ra2+ 41. Kb1 Rxa3 42. h7 b2 0-1

[Event "Titled Tuesday 2024.10.08 Late"]
[Site "chess.com INT"]
[Date "2024.10.08"]
[Round "1"]
[White "Schulz, Kar"]
[Black "Mendes, Aaron Reeve"]
[Result "0-1"]
[WhiteElo "2166"]
[BlackElo "2320"]
[PlyCount "96"]
[GameId "2129405224838097"]
[EventDate "2024.10.08"]
[EventType "swiss (blitz)"]
[EventRounds "11"]
[EventCountry "NET"]
[SourceTitle "The Week in Chess 1562"]
[Source "Mark Crowther"]
[SourceDate "2024.10.14"]
[SourceVersion "1"]
[SourceVersionDate "2024.10.14"]
[SourceQuality "2"]

1. Nf3 d5 2. c4 c6 3. g3 Nf6 4. Bg2 dxc4 5. O-O e6 6. Na3 b5 7. Ne5 Qc7 8. d4 a6 9. b3 cxb3 10. Qxb3 Bb7 11. Bf4 Bd6 12. Rac1 O-O 13. e4 Qe7 14. Nb1 Rc8 15. Rfd1 Nbd7 16. Nd2 c5 17. Nxd7 Bxf4 18. Nxf6+ Qxf6 19. e5 Qh6 20. gxf4 Bxg2 21. Kxg2 Qxf4 22. dxc5 Qxe5 23. Qe3 Qf5 24. Ne4 Rc7 25. Nd6 Qh5 26. c6 Rd8 27. Qg3 Rxc6 28. Rxc6 Qxd1 29. Qf3 Qxf3+ 30. Kxf3 Kf8 31. Ke3 Ke7 32. Ne4 Ra8 33. Nc5 a5 34. Kd4 b4 35. Kc4 Rd8 36. Rc7+ Ke8 37. Ne4 h6 38. Kc5 Rd5+ 39. Kc6 Kf8 40. Nd6 Kg8 41. Rc8+ Kh7 42. Nxf7 Rd2 43. Nd6 Rxa2 44. Ra8 a4 45. Kc5 b3 46. Nc4 b2 47. Kd4 b1=Q 48. Kc3 Qf5 0-1

[Event "Titled Tuesday 2024.10.08 Late"]
[Site "chess.com INT"]
[Date "2024.10.08"]
[Round "2"]
[White "Mendes, Aaron Reeve"]
[Black "Matthes, Aaron"]
[Result "1-0"]
[WhiteElo "2320"]
[BlackElo "2204"]
[PlyCount "59"]
[GameId "2129405224838184"]
[EventDate "2024.10.08"]
[EventType "swiss (blitz)"]
[EventRounds "11"]
[EventCountry "NET"]
[SourceTitle "The Week in Chess 1562"]
[Source "Mark Crowther"]
[SourceDate "2024.10.14"]
[SourceVersion "1"]
[SourceVersionDate "2024.10.14"]
[SourceQuality "2"]

1. e4 c6 2. Nf3 d5 3. Nc3 dxe4 4. Nxe4 Nf6 5. Qe2 e6 6. d4 Be7 7. c3 Nbd7 8. h3 c5 9. dxc5 Nxe4 10. Qxe4 Nxc5 11. Qc2 O-O 12. Be3 Qc7 13. b4 Nd7 14. Bd3 Nf6 15. Bd4 h6 16. O-O b6 17. Ne5 Bb7 18. f4 Rfd8 19. Qf2 Bd6 20. Qg3 Bf8 21. f5 exf5 22. Rxf5 Ne4 23. Bxe4 Bxe4 24. Rxf7 Qb8 25. Raf1 Qd6 26. Qg4 Bd5 27. Nc4 Bxf7 28. Nxd6 Rxd6 29. Rxf7 Kxf7 30. Qf3+ 1-0

[Event "Titled Tuesday 2024.10.08 Late"]
[Site "chess.com INT"]
[Date "2024.10.08"]
[Round "3"]
[White "Mahdavi, Reza"]
[Black "Mendes, Aaron Reeve"]
[Result "0-1"]
[WhiteElo "2394"]
[BlackElo "2320"]
[PlyCount "130"]
[GameId "2129405224846786"]
[EventDate "2024.10.08"]
[EventType "swiss (blitz)"]
[EventRounds "11"]
[EventCountry "NET"]
[SourceTitle "The Week in Chess 1562"]
[Source "Mark Crowther"]
[SourceDate "2024.10.14"]
[SourceVersion "1"]
[SourceVersionDate "2024.10.14"]
[SourceQuality "2"]

1. e4 c5 2. Nf3 d6 3. d4 cxd4 4. Nxd4 Nf6 5. Nc3 a6 6. Be3 e5 7. Nb3 Be6 8. f3 Be7 9. Qd2 h5 10. Be2 Nbd7 11. Nd5 Nxd5 12. exd5 Bf5 13. O-O Rc8 14. c3 O-O 15. f4 exf4 16. Bxf4 Nf6 17. Bd3 Bxd3 18. Qxd3 Qb6+ 19. Kh1 Ng4 20. Qd2 Bf6 21. h3 Ne5 22. Bxe5 Bxe5 23. Rf3 g6 24. Raf1 Kg7 25. Nc1 Qc5 26. Ne2 Rce8 27. b3 b5 28. Nc1 f5 29. Qg5 Bf6 30. Qd2 Re5 31. Ne2 Qxd5 32. Rd3 Qe4 33. Ng3 Qh4 34. Rf4 Qg5 35. h4 Qh6 36. Rxd6 Rf7 37. Kh2 Re1 38. c4 Be5 39. Rf3 Re4 40. Qxh6+ Kxh6 41. Rd5 Rxh4+ 42. Kg1 Bxg3 43. Rxg3 bxc4 44. Rd6 Rg7 45. bxc4 Rxc4 46. Rxa6 h4 47. Rd3 Kg5 48. Rdd6 Kh5 49. a4 g5 50. Kh2 Kg4 51. Rd3 f4 52. a5 Re7 53. Rg6 Re5 54. a6 Rc2 55. Rd1 Ree2 56. Rg1 h3 57. Kh1 hxg2+ 58. Kh2 f3 59. Rh6 f2 60. Rxg2+ Kf5 61. Rh8 f1=Q 62. Rf8+ Kg6 63. Rxf1 Rxg2+ 64. Kh3 Kh5 65. a7 g4# 0-1

[Event "Titled Tuesday 2024.10.08 Late"]
[Site "chess.com INT"]
[Date "2024.10.08"]
[Round "4"]
[White "Corrales Jimenez, F."]
[Black "Mendes, Aaron Reeve"]
[Result "0-1"]
[WhiteElo "2574"]
[BlackElo "2320"]
[PlyCount "122"]
[GameId "2129405224846991"]
[EventDate "2024.10.08"]
[EventType "swiss (blitz)"]
[EventRounds "11"]
[EventCountry "NET"]
[SourceTitle "The Week in Chess 1562"]
[Source "Mark Crowther"]
[SourceDate "2024.10.14"]
[SourceVersion "1"]
[SourceVersionDate "2024.10.14"]
[SourceQuality "2"]

1. e4 c5 2. Nf3 d6 3. d4 cxd4 4. Nxd4 Nf6 5. Nc3 a6 6. f3 e5 7. Nb3 Be6 8. Be3 Be7 9. Qd2 Nbd7 10. O-O-O h5 11. Kb1 Rc8 12. Nd5 Nxd5 13. exd5 Bf5 14. Bd3 Bxd3 15. Qxd3 Bg5 16. g4 Bxe3 17. Qxe3 Qf6 18. g5 Qf5 19. Nd4 Qg6 20. Rd2 O-O 21. Ne2 Rc5 22. Ng3 Nb6 23. b3 Nxd5 24. Qd3 Nc3+ 25. Kb2 Qxg5 26. Qxd6 Rfc8 27. Ne4 Nxe4 28. fxe4 Qe3 29. c4 b5 30. Rg2 bxc4 31. Rhg1 c3+ 32. Ka3 Ra5+ 33. Kb4 Qc5+ 34. Qxc5 Raxc5 35. Rxg7+ Kf8 36. Rg8+ Ke7 37. Rxc8 Rxc8 38. Rc1 Rb8+ 39. Kxc3 Rg8 40. Kc4 Rg2 41. a4 Rd2 42. Kc5 Rd4 43. b4 Rxe4 44. a5 Re2 45. Kb6 Rb2 46. Rc4 f5 47. Kxa6 e4 48. b5 e3 49. b6 e2 50. Rc1 f4 51. b7 f3 52. Re1 f2 53. Rxe2+ Rxe2 54. b8=Q f1=Q 55. Qc7+ Kf6 56. Ka7 Re7 57. Qxe7+ Kxe7 58. a6 Qb5 59. h4 Kd7 60. Ka8 Kc7 61. a7 Qb7# 0-1

[Event "Titled Tuesday 2024.10.08 Late"]
[Site "chess.com INT"]
[Date "2024.10.08"]
[Round "5"]
[White "Mendes, Aaron Reeve"]
[Black "Sarana, A."]
[Result "1-0"]
[WhiteElo "2320"]
[BlackElo "2717"]
[PlyCount "75"]
[GameId "2129405224847099"]
[EventDate "2024.10.08"]
[EventType "swiss (blitz)"]
[EventRounds "11"]
[EventCountry "NET"]
[SourceTitle "The Week in Chess 1562"]
[Source "Mark Crowther"]
[SourceDate "2024.10.14"]
[SourceVersion "1"]
[SourceVersionDate "2024.10.14"]
[SourceQuality "2"]

1. e4 c5 2. Nf3 d6 3. Bb5+ Bd7 4. Bxd7+ Nxd7 5. O-O e6 6. c3 Ngf6 7. Re1 Be7 8. d4 O-O 9. h3 Rc8 10. Bf4 cxd4 11. cxd4 Qb6 12. Qd2 d5 13. e5 Ne4 14. Qe2 f6 15. exf6 Bxf6 16. Be3 Be7 17. Nbd2 Ndf6 18. Nxe4 dxe4 19. Ne5 Bd6 20. Nc4 Qa6 21. Nxd6 Qxd6 22. Rac1 Qd5 23. b3 h6 24. Rc5 Rxc5 25. dxc5 Rd8 26. b4 Qd3 27. Qb2 Nd5 28. Qe5 Nxb4 29. Qxe6+ Kh7 30. Qf5+ Kg8 31. Bxh6 gxh6 32. Qg6+ Kf8 33. Qf6+ Ke8 34. Qe6+ Kf8 35. Rxe4 Nd5 36. Qf5+ Kg7 37. Rg4+ Kh8 38. Qxd3 1-0